000 02147nam a22002657a 4500
005 20220926140732.0
008 220922b ||||| |||| 00| 0 eng d
020 _a9789350871517
040 _cAL
041 _akan
082 _223
_aK894.9
_bKALK
100 _aJ C Kalaburgi:,ಜೆ ಸಿ ಕಲಬುರ್ಗಿ
_958505
245 _aKannada sahitya sanchaya: ಕನ್ನಡ ಸಾಹಿತ್ಯ ಸಂಚಯ
260 _aDharavada
_bKalaburgi Pustaka Mane Prakashana
300 _axxi,266p
_bHB
_c25x16cm.
365 _2Kannada
_aBLCR-000079
_b320.00
_c
_d400.00
_e20%
_f06-09-2022
520 _aಕನ್ನಡ ಸಾಹಿತ್ಯ ಚರಿತ್ರೆಯ ನೋಟ ಪೂರ್ವದ ಹಳಗನ್ನಡ ಸಾಹಿತ್ಯ ಹಳಗನ್ನಡ ಸಾಹಿತ್ಯ ನಡುಗನ್ನಡ ಸಾಹಿತ್ಯ ಹೊಸಗನ್ನಡ ಸಾಹಿತ್ಯ ನವಯುಗದ ಆವಿಷ್ಕಾರ ಹೊಸಗನ್ನಡ ಸಾಹಿತ್ಯದ ಪ್ರಮುಖ ಘಟ್ಟಗಳು ಹೊಸಗನ್ನಡ ಸಾಹಿತ್ಯ ಕವಿ ಕಾವ್ಯ ಚಿಂತನೆ ಕನ್ನಡ ಸಾಹಿತ್ಯ ರಾಜಾಶ್ರಯ ಮತ್ತು ಸಂಸ್ಕ್ರತಿ ಭಾರತೀಯ ಕಾವ್ಯ ಮೀಮಾಂಸೆ ಪಾಶ್ಚತ್ಯ ಕಾವ್ಯ ಮೀಮಾಂಸೆ ಕನ್ನಡ ವ್ಯಾಕರಣ ಭಾಷಾ ವಿಜ್ಞಾನ ಸಂಶೋಧನೆ ಕನ್ನಡದ ಪ್ರಮುಖ ಸಾಹಿತ್ಯ ಪತ್ರಿಕೆಗಳು ಸಾಹಿತ್ಯ ವಿಮರ್ಶೆ ಜಾನಪದ ಸಾಹಿತ್ಯ
650 _aKannada Sahitya: ಕನ್ನಡ ಸಾಹಿತ್ಯ
_958256
650 _aKavya Mimamse: ಕಾವ್ಯ ಮೀಮಾಂಸೆ
_958257
650 _aBhasha Vijnana: ಭಾಷಾ ವಿಜ್ಞಾನ
_958258
650 _aJanapada Sahitya: ಜಾನಪದ ಸಾಹಿತ್ಯ
_958259
650 _aCompetitive Exam: ಸ್ಪರ್ಧಾತ್ಮಕ ಪರೀಕ್ಷೆ
_958506
700 _aKALABURGI (J C): ಕಲಬುರ್ಗಿ (ಜೆ ಸಿ)
_958260
942 _2ddc
_cBK
999 _c224642
_d224642